| 000 | 00627nam a22001817a 4500 | ||
|---|---|---|---|
| 003 | NUST | ||
| 038 | _aMr. Zahoor | ||
| 082 | _a620.1 | ||
| 100 |
_aMUHAMMAD NAEEM _915414 |
||
| 245 |
_aInvestment Casting Simulation for Improvement in Casting System Design to Enhance Casting Quality of Nozzle Guide Vane (NGV) / _cMUHAMMAD NAEEM |
||
| 260 |
_aIslamabad : _bSMME - NUST, _c2016. |
||
| 300 | _aill, 48 p. ; | ||
| 500 | _aHardcover. | ||
| 600 | _2Mechanical Engineering - MS Thesis | ||
| 700 |
_a Supervisor : Dr Khalid Akhtar _9120005 |
||
| 856 | _u http://10.250.8.41:8080/xmlui/handle/123456789/12837 | ||
| 942 |
_2ddc _cTHE |
||
| 999 |
_c524610 _d524610 |
||